000 00487cam a2200193ua 4500
001 2777
005 20260515113555.0
008 110908n ii |||gr||||Z||||||asm
040 _cMAIN
082 _a891.4512
100 1 _aBarua, Satya prasad,
_eAuthor.
245 1 1 _aAdhunik natya cinta
_cby Satya prasad Barua
250 _a1st.
260 _aGuahati:
_bLawyers book stall,994.
300 _a226p:
_c23cm.
653 _aAssamese drama
653 _aAdhunik natya cinta
942 _cBK
999 _c2624
_d2624